000 00685nam a2200241 i 4500
001 C2-0294632
003 PPAK
005 20180728030325.0
008 090219s2008 enka|||| ||||| | eng d
020 _a9780955706103
040 _aPPAK
_beng
_cPPAK
_erda
082 0 4 _a358.434
_223
090 0 0 _a358.434
_bKAP
_dR
100 1 _aKaplan, Philip,
_eauthor
245 1 0 _aSpitfire the one
264 1 _aGreat Britain :
_bVine House International ,
_c2008
300 _a224 pages :
_bcolour illustrations ;
_c30 cm
336 _2rdacontent
_atext
337 _2rdamedia
_aunmediated
338 _2rdacarrier
_avolume
650 1 0 _aSpitfire (Fighterplanes) - History
942 _ddc
_cB
999 _c99253
_d99253